| 000 | 00579nam a2200217Ia 4500 | ||
|---|---|---|---|
| 003 | OSt | ||
| 005 | 20230427133632.0 | ||
| 008 | 210423s1988 xx 000 0 und d | ||
| 020 | _a818095478 | ||
| 040 | _cAL | ||
| 041 | _aeng | ||
| 082 | _a592 ADIK | ||
| 100 |
_aADIYODI (K G);ADIYODI (Rita G). _994064 |
||
| 245 | _aReproductive biology of invertebrates. | ||
| 260 |
_aNew Delhi _bOxford University Press _c1988 |
||
| 300 |
_axxiii,518 _bPB |
||
| 365 | _cINR | ||
| 650 |
_aInvertebrates _994065 |
||
| 906 | _abiology ; invertebrates. ; Reproductive | ||
| 942 |
_2ddc _cBK |
||
| 999 |
_c162806 _d162806 |
||